| 000 | 00673nam a22001937a 4500 | ||
|---|---|---|---|
| 999 |
_c10156 _d10156 |
||
| 003 | AR-CdUCM | ||
| 008 | 190329b ||||| |||| 00| 0 spa d | ||
| 040 |
_aMUNICIPALIDAD PROVINCIAL DEL CUSCO _cBIBLIOTECA MUNICIPAL DEL CUSCO |
||
| 082 |
_a869.508 / _bAR76 / 1882 |
||
| 100 |
_aArona, Juan De _926850 |
||
| 245 | _aDiccionario de peruanismos / | ||
| 260 |
_aLima : _bLibreria francesa cientifica, _c[1882]. |
||
| 300 |
_a525 páginas ; _c21 cm. |
||
| 505 | _aContenido: BibliografĂa de americanismos -- Observaciones generales -- Advertencias -- Diccionario ... | ||
| 650 |
_aPeruanismos _910937 |
||
| 650 |
_aDiccionario _95196 |
||
| 942 |
_2ddc _cLIBROS |
||
| 945 | _aacv | ||